Państwa z najwyższymi wulkanami - Statystyki

Ogólne statystyki
  • Ten quiz został rozwiązany 1 889 razy
  • Średni wynik to 13 z 20
Statystyki odpowiedzi
Metry Państwo % Poprawnych
5005 Stany Zjednoczone
96%
6893 Chile
88%
6893 Argentyna
87%
5642 Rosja
87%
5636 Meksyk
85%
6425 Peru
83%
5364 Kolumbia
80%
6542 Boliwia
78%
6267 Ekwador
77%
5199 Kenia
65%
5895 Tanzania
64%
5137 Turcja
54%
5610 Iran
50%
4220 Gwatemala
47%
4321 Uganda
44%
4368 Papua-Nowa Gwinea
43%
5047 Gruzja
41%
4095 Armenia
40%
4507 Rwanda
37%
4095 Kamerun
20%
Nie znaleziono quizów pasujących do podanych kryteriów
Rozkład punktacji
Procent ludzi z każdym wynikiem
Percentyl według liczby udzielonych odpowiedzi
Twoja historia wyników
Nie rozwiązałeś tego quizu